000 00451nam a22001937a 4500
003 MPLRDC
005 20220104123634.0
008 210129b ||||| |||| 00| 0 eng d
020 _a957-8837-01-1
082 _a544.3 CMH
100 _a曹敏诲
245 _a让他爱我一生
_c
250 _a初版七刷
260 _a
_b九仪出版社
_c1995
300 _b
490 _a生活频道. 2
650 _a婚姻
942 _cBK
_o544.3 CMH
999 _c13002
_d12992